[Event "Gibraltar Masters 9th"]
[Site "Caleta"]
[Date "2011.02.03"]
[Round "10"]
[White "Bishop, Peter"]
[Black "Matto, Manuel"]
[Result "1/2-1/2"]
[WhiteElo "1784"]
[BlackElo "1838"]
[PlyCount "76"]
[EventDate "2011.01.25"]
[EventType "swiss"]
[EventRounds "10"]
[EventCountry "GGB"]
[SourceTitle "CBM 141"]
[Source "ChessBase"]
[SourceDate "2011.03.17"]
[SourceVersion "1"]
[SourceVersionDate "2011.03.17"]
[SourceQuality "1"]

1. d4 g6 2. Nf3 Bg7 3. Bg5 h6 4. Bh4 d5 5. Nbd2 Nc6 6. e3 a6 7. a3 Nf6 8. c4 g5 9. Bg3 Bg4 10. Qb3 Rb8 11. Rc1 0-0 12. Bd3 e6 13. Bb1 Bh5 14. h4 Na5 15. Qc3 g4 16. Qxa5 b6 17. Qxa6 gxf3 18. gxf3 Ra8 19. Qb5 Bg6 20. Bxg6 fxg6 21. cxd5 Nxd5 22. Ke2 Rf5 23. Qc6 Qe8 24. Qxe8+ Rxe8 25. e4 Nf4+ 26. Bxf4 Rxf4 27. Ke3 Rf7 28. Rc6 Rd7 29. Nb3 Kf7 30. Rhc1 Ree7 31. f4 h5 32. e5 Bh6 33. Nd2 Kg7 34. Ne4 Rf7 35. Nf6 Rde7 36. Rg1 Rxf6 37. exf6+ Kxf6 38. Rgc1 Kf5 1/2-1/2

[Event "Gibraltar Masters 9th"]
[Site "Caleta"]
[Date "2011.02.02"]
[Round "9"]
[White "Boesch, Heinz"]
[Black "Bishop, Peter"]
[Result "1-0"]
[WhiteElo "1899"]
[BlackElo "1784"]
[PlyCount "40"]
[EventDate "2011.01.25"]
[EventType "swiss"]
[EventRounds "10"]
[EventCountry "GGB"]
[SourceTitle "CBM 141"]
[Source "ChessBase"]
[SourceDate "2011.03.17"]
[SourceVersion "1"]
[SourceVersionDate "2011.03.17"]
[SourceQuality "1"]

1. e4 e5 2. Nf3 Nc6 3. d4 exd4 4. Nxd4 d6 5. Nxc6 bxc6 6. Bd3 Be7 7. Nc3 a5 8. 0-0 Ba6 9. f4 Bxd3 10. Qxd3 a4 11. Qc4 Qd7 12. Be3 Nf6 13. Rad1 0-0 14. h3 Rfb8 15. b3 a3 16. Qd3 Ra5 17. Bd4 d5 18. e5 c5 19. Bf2 Ne8 20. Nxd5 Kf8 1-0

[Event "Gibraltar Masters 9th"]
[Site "Caleta"]
[Date "2011.01.31"]
[Round "7"]
[White "Phillips, Owen S"]
[Black "Bishop, Peter"]
[Result "1-0"]
[WhiteElo "1992"]
[BlackElo "1784"]
[PlyCount "81"]
[EventDate "2011.01.25"]
[EventType "swiss"]
[EventRounds "10"]
[EventCountry "GGB"]
[SourceTitle "CBM 141"]
[Source "ChessBase"]
[SourceDate "2011.03.17"]
[SourceVersion "1"]
[SourceVersionDate "2011.03.17"]
[SourceQuality "1"]

1. d4 f5 2. g4 d6 3. gxf5 Bxf5 4. Bg2 c6 5. e4 Bg6 6. Nh3 Nd7 7. 0-0 Qa5 8. Bd2 Qh5 9. Qxh5 Bxh5 10. Nc3 h6 11. Nf4 Bf7 12. Bh3 Ngf6 13. Ne6 Bxe6 14. Bxe6 g5 15. a4 Bg7 16. b4 Nf8 17. Bb3 N6d7 18. Ne2 e6 19. c3 Ke7 20. Ng3 Ng6 21. Nh5 Bf6 22. a5 Nh4 23. Bd1 e5 24. Be3 Rhf8 25. Bg4 Rf7 26. Rad1 Nf8 27. d5 Nfg6 28. c4 Nf4 29. dxc6 bxc6 30. c5 d5 31. Bxf4 gxf4 32. exd5 cxd5 33. Rxd5 Rg8 34. h3 Nf5 35. Kh2 Nd4 36. Kh1 Rb8 37. Rb1 Nc6 38. Rd7+ Kf8 39. Rd6 Nxa5 40. Nxf6 Nc4 41. Nd7+ 1-0

[Event "Gibraltar Masters 9th"]
[Site "Caleta"]
[Date "2011.01.28"]
[Round "4"]
[White "Bishop, Peter"]
[Black "Veiga Rodriguez, Pablo"]
[Result "1-0"]
[WhiteElo "1784"]
[BlackElo "1528"]
[PlyCount "105"]
[EventDate "2011.01.25"]
[EventType "swiss"]
[EventRounds "10"]
[EventCountry "GGB"]
[SourceTitle "CBM 141"]
[Source "ChessBase"]
[SourceDate "2011.03.17"]
[SourceVersion "1"]
[SourceVersionDate "2011.03.17"]
[SourceQuality "1"]

1. d4 d5 2. Nf3 Nf6 3. Bg5 Ne4 4. Bh4 Bf5 5. e3 Qd6 6. a3 Qh6 7. Nbd2 g5 8. Bg3 Nxg3 9. fxg3 Nd7 10. c4 e6 11. Qb3 0-0-0 12. cxd5 exd5 13. Qxd5 Qe6 14. Qxe6 Bxe6 15. Nxg5 h6 16. Nxe6 fxe6 17. Bc4 e5 18. 0-0 exd4 19. exd4 Bg7 20. Nf3 Nb6 21. Be6+ Kb8 22. Rad1 Rd6 23. Bb3 Rhd8 24. Rfe1 a5 25. Re6 a4 26. Rxd6 Rxd6 27. Bf7 c5 28. Rd2 cxd4 29. Kf1 Nd5 30. Bxd5 Rxd5 31. g4 b5 32. Ne1 Kb7 33. Nd3 Kb6 34. Ke2 Rg5 35. h3 h5 36. Kf3 hxg4+ 37. hxg4 Bh6 38. Re2 Rg6 39. g3 Be3 40. Nf4 Rf6 41. g5 Rf8 42. Kg4 Bc1 43. Rc2 Bxf4 44. gxf4 d3 45. Rd2 Rd8 46. g6 Kc5 47. f5 Kc4 48. Kf4 Rc8 49. g7 b4 50. axb4 a3 51. bxa3 Kc3 52. Rxd3+ Kxd3 53. f6 1-0

[Event "Gibraltar Masters 9th"]
[Site "Caleta"]
[Date "2011.01.26"]
[Round "2"]
[White "De Lillo, Michele"]
[Black "Bishop, Peter"]
[Result "1-0"]
[WhiteElo "1964"]
[BlackElo "1784"]
[PlyCount "67"]
[EventDate "2011.01.25"]
[EventType "swiss"]
[EventRounds "10"]
[EventCountry "GGB"]
[SourceTitle "CBM 141"]
[Source "ChessBase"]
[SourceDate "2011.03.17"]
[SourceVersion "1"]
[SourceVersionDate "2011.03.17"]
[SourceQuality "1"]

1. Nf3 f5 2. d4 g6 3. g3 Bg7 4. Bg2 Nf6 5. c4 c6 6. Nc3 Na6 7. 0-0 Nc7 8. Bg5 0-0 9. Qd2 a5 10. Bh6 a4 11. Bxg7 Kxg7 12. d5 h6 13. Rad1 Re8 14. Ne5 c5 15. f4 d6 16. Nf3 Bd7 17. Qd3 Rb8 18. e4 fxe4 19. Nxe4 Nxe4 20. Qxe4 Bf5 21. Qe3 b5 22. Nh4 Qd7 23. Be4 Rf8 24. Bxf5 gxf5 25. Rfe1 Rf7 26. b3 bxc4 27. bxc4 Rb4 28. Qd3 Rb7 29. Rb1 Rxb1 30. Rxb1 e6 31. dxe6 Nxe6 32. Nxf5+ Kf6 33. Nh4 Nxf4 34. Rf1 1-0

[Event "Gibraltar Masters 9th"]
[Site "Caleta"]
[Date "2011.01.25"]
[Round "1"]
[White "Bishop, Peter"]
[Black "Jameson, David"]
[Result "0-1"]
[WhiteElo "1784"]
[BlackElo "2054"]
[PlyCount "82"]
[EventDate "2011.01.25"]
[EventType "swiss"]
[EventRounds "10"]
[EventCountry "GGB"]
[SourceTitle "CBM 141"]
[Source "ChessBase"]
[SourceDate "2011.03.17"]
[SourceVersion "1"]
[SourceVersionDate "2011.03.17"]
[SourceQuality "1"]

1. d4 d5 2. Nf3 Nf6 3. Bg5 e6 4. Nbd2 h6 5. Bh4 c5 6. e3 Nc6 7. c3 Be7 8. Bd3 b6 9. Rc1 Bb7 10. Bb1 Rc8 11. Qa4 a6 12. 0-0 b5 13. Qc2 cxd4 14. Nxd4 Nxd4 15. exd4 Ne4 16. Bg3 Bg5 17. Nxe4 dxe4 18. Rcd1 Bd5 19. Rfe1 f5 20. Be5 0-0 21. a3 a5 22. Qe2 Bc4 23. Qh5 Bb3 24. g4 Bxd1 25. Rxd1 Bf6 26. gxf5 exf5 27. Qxf5 Bxe5 28. Qxe5 Qh4 29. Qxe4 Qxf2+ 30. Kh1 Qf3+ 31. Qxf3 Rxf3 32. Kg2 Rf6 33. Rd2 Kf7 34. Re2 Re8 35. Ba2+ Kf8 36. Rd2 Re4 37. Kg3 h5 38. h3 Re3+ 39. Kh4 g6 40. d5 Kg7 41. d6 Kh6 0-1

[Event "Gibraltar Masters 7th"]
[Site "Gibraltar"]
[Date "2009.02.01"]
[Round "6"]
[White "Bishop, Peter"]
[Black "Arnott, Jonathan"]
[Result "0-1"]
[WhiteElo "1775"]
[BlackElo "2117"]
[PlyCount "64"]
[EventDate "2009.01.27"]
[EventType "swiss"]
[EventRounds "10"]
[EventCountry "ENG"]
[SourceTitle "CBM 128 Extra"]
[Source "ChessBase"]
[SourceDate "2009.03.05"]
[SourceVersion "2"]
[SourceVersionDate "2009.03.25"]
[SourceQuality "1"]

1. e4 c5 2. Nf3 Nc6 3. d4 cxd4 4. Nxd4 e5 5. Nb5 d6 6. Be3 f5 7. N1c3 a6 8. Nd5 axb5 9. Bb6 Qh4 10. Nc7+ Kf7 11. Qd5+ Kf6 12. Nxa8 Be6 13. Qxb5 Qxe4+ 14. Qe2 Qa4 15. Be3 Qxa8 16. h4 Kf7 17. c3 Nf6 18. f3 d5 19. Qc2 d4 20. Bf2 Bd6 21. Bd3 g6 22. a4 Rc8 23. Qd2 Na5 24. Qh6 Bf8 25. Qg5 h6 26. Qg3 Nb3 27. Rb1 dxc3 28. bxc3 Rxc3 29. Bb5 f4 30. Qh2 Qa5 31. 0-0 Nd7 32. Bb6 Qxb6+ 0-1

[Event "Kaupthing op"]
[Site "Differdange"]
[Date "2008.05.10"]
[Round "5"]
[White "Bishop, Peter"]
[Black "Lasinskas, Povilas"]
[Result "0-1"]
[WhiteElo "1855"]
[BlackElo "2307"]
[PlyCount "20"]
[EventDate "2008.05.10"]
[EventType "swiss"]
[EventRounds "9"]
[EventCountry "LUX"]
[SourceTitle "CBM 124 Extra"]
[Source "ChessBase"]
[SourceDate "2008.07.03"]
[SourceVersion "1"]
[SourceVersionDate "2008.07.03"]
[SourceQuality "1"]

1. c4 c5 2. Nc3 Nc6 3. e3 e5 4. Be2 g6 5. a3 Bg7 6. Qc2 Nge7 7. h3 0-0 8. b3 d6 9. Bb2 Be6 10. Nf3 f5 0-1

[Event "Kaupthing op-A 1st"]
[Site "Differdange"]
[Date "2007.07.12"]
[Round "7"]
[White "Haerri, Adrian"]
[Black "Bishop, Peter"]
[Result "1-0"]
[WhiteElo "2000"]
[BlackElo "1853"]
[PlyCount "91"]
[EventDate "2007.07.07"]
[EventType "swiss"]
[EventRounds "9"]
[EventCountry "LUX"]
[SourceTitle "CBM 119 Extra"]
[Source "ChessBase"]
[SourceDate "2007.09.04"]
[SourceVersion "1"]
[SourceVersionDate "2007.09.04"]
[SourceQuality "1"]

1. d4 e6 2. Nf3 Be7 3. e4 d5 4. e5 c5 5. c3 Qb6 6. Be2 cxd4 7. cxd4 Bd7 8. Nc3 a6 9. 0-0 Bc6 10. a3 Nd7 11. Re1 Nf8 12. b4 h5 13. Na4 Qd8 14. Bb2 Nh6 15. Nc5 g5 16. a4 g4 17. Nd2 Bxc5 18. dxc5 Ng6 19. Nb3 Nf4 20. Bf1 h4 21. b5 Qg5 22. Qd2 g3 23. fxg3 hxg3 24. h3 Qh4 25. bxc6 bxc6 26. Nd4 Kd7 27. Nf3 Nxh3+ 28. gxh3 Qh5 29. Qg2 Nf5 30. Rab1 Kc7 31. Bc3 a5 32. Bd3 Nh4 33. Nxh4 Qxh4 34. Re3 d4 35. Rxg3 dxc3 36. Be4 Rab8 37. Rf1 Rhf8 38. Rxc3 Qh5 39. Rcf3 f6 40. Rxf6 Rxf6 41. Rxf6 Qd1+ 42. Kh2 Rd8 43. Rf7+ Kc8 44. Bxc6 Qh5 45. Rf1 Qxe5+ 46. Kh1 1-0

[Event "Kaupthing op-A 1st"]
[Site "Differdange"]
[Date "2007.07.08"]
[Round "2"]
[White "Bishop, Peter"]
[Black "Bellin, Jana"]
[Result "0-1"]
[WhiteElo "1853"]
[BlackElo "2151"]
[PlyCount "74"]
[EventDate "2007.07.07"]
[EventType "swiss"]
[EventRounds "9"]
[EventCountry "LUX"]
[SourceTitle "CBM 119 Extra"]
[Source "ChessBase"]
[SourceDate "2007.09.04"]
[SourceVersion "1"]
[SourceVersionDate "2007.09.04"]
[SourceQuality "1"]

1. e4 c5 2. b4 cxb4 3. Bb2 Nc6 4. d4 d5 5. e5 Bf5 6. Nf3 e6 7. Nbd2 Be7 8. Bb5 Qb6 9. Bd3 Nh6 10. Qe2 a5 11. c4 bxc3 12. Bxc3 Bxd3 13. Qxd3 Nb4 14. Bxb4 Bxb4 15. Rb1 Qa6 16. Ke2 Qxd3+ 17. Kxd3 Rc8 18. Rhc1 Kd7 19. Nb3 b6 20. a4 f6 21. h3 Ba3 22. Rc2 Rxc2 23. Kxc2 Rc8+ 24. Kd3 Bb4 25. Rc1 Rc6 26. g4 Nf7 27. h4 Ba3 28. Rc2 Rxc2 29. Kxc2 Kc6 30. exf6 gxf6 31. h5 Be7 32. Nbd2 Nh6 33. g5 fxg5 34. Ne5+ Kd6 35. Kd3 Bf6 36. Nef3 g4 37. Ne1 Bh4 0-1

[Event "Kaupthing op-A 1st"]
[Site "Differdange"]
[Date "2007.07.08"]
[Round "3"]
[White "Oud, Niek"]
[Black "Bishop, Peter"]
[Result "1/2-1/2"]
[WhiteElo "2058"]
[BlackElo "1853"]
[PlyCount "57"]
[EventDate "2007.07.07"]
[EventType "swiss"]
[EventRounds "9"]
[EventCountry "LUX"]
[SourceTitle "CBM 119 Extra"]
[Source "ChessBase"]
[SourceDate "2007.09.04"]
[SourceVersion "1"]
[SourceVersionDate "2007.09.04"]
[SourceQuality "1"]

1. d4 d5 2. c4 e5 3. dxe5 d4 4. Nf3 Nc6 5. g3 Bg4 6. Bg2 Bb4+ 7. Nbd2 Nge7 8. 0-0 Ng6 9. Nb3 Bxf3 10. Bxf3 Ngxe5 11. Bg2 0-0 12. a3 Be7 13. Qc2 Bf6 14. Rd1 Rb8 15. Nc5 Be7 16. Nd3 a5 17. b3 Nxd3 18. Qxd3 Bf6 19. Bb2 Ne5 20. Qc2 c5 21. Be4 h5 22. e3 Nc6 23. Rd2 Qe7 24. Bxc6 bxc6 25. exd4 h4 26. dxc5 Bxb2 27. Qxb2 h3 28. Rd4 Rfe8 29. Kf1 1/2-1/2

[Event "LUX-ch AB"]
[Site "Differdingen"]
[Date "2007.04.07"]
[Round "1.4"]
[White "Bishop, Peter"]
[Black "Serban, Vlad"]
[Result "0-1"]
[WhiteElo "1813"]
[BlackElo "2169"]
[PlyCount "40"]
[EventDate "2007.04.07"]
[EventType "swiss"]
[EventRounds "9"]
[EventCountry "LUX"]
[SourceTitle "EXT 2008"]
[Source "ChessBase"]
[SourceDate "2007.11.25"]
[SourceVersion "1"]
[SourceVersionDate "2007.11.25"]
[SourceQuality "1"]

1. e4 c5 2. b4 b6 3. b5 Bb7 4. Nc3 e6 5. Bb2 d6 6. a4 Nf6 7. d3 Nbd7 8. f4 d5 9. e5 d4 10. exf6 dxc3 11. Bxc3 Nxf6 12. Nf3 Nd5 13. Bd2 Qf6 14. Be2 Nxf4 15. 0-0 Bd6 16. Be1 Nxe2+ 17. Qxe2 Qxa1 18. Bg3 Bxf3 19. Qxf3 Qd4+ 20. Bf2 Qd5 0-1

[Event "Luxembourg-ch"]
[Site "Luxembourg"]
[Date "1999.04.08"]
[Round "6"]
[White "Baskewitsch, Pierre"]
[Black "Bishop, Peter"]
[Result "1/2-1/2"]
[WhiteElo "1942"]
[BlackElo "1819"]
[PlyCount "137"]
[EventDate "1999.04.03"]
[EventType "swiss"]
[EventRounds "9"]
[EventCountry "LUX"]
[SourceTitle "EXT 2005"]
[Source "ChessBase"]
[SourceDate "2004.11.15"]
[SourceVersion "1"]
[SourceVersionDate "2004.11.15"]
[SourceQuality "1"]

1. d4 e6 2. Bf4 d5 3. c3 Bd6 4. Bg3 Nf6 5. e3 Qe7 6. Nf3 Nbd7 7. Nbd2 e5 8. dxe5 Nxe5 9. Nxe5 Bxe5 10. Nf3 Bd6 11. Qd4 Be6 12. Bd3 a6 13. Qa4+ Bd7 14. Qb3 b6 15. Bh4 Be6 16. Nd4 c5 17. Nxe6 Qxe6 18. Qxb6 0-0 19. Bf5 Qe7 20. 0-0 Bxh2+ 21. Kxh2 Qe5+ 22. g3 Qxf5 23. Bxf6 gxf6 24. Qxc5 Qf3 25. Rad1 Rad8 26. Rd4 Rfe8 27. Rf4 Qe2 28. Kg2 Re6 29. Rh1 Kg7 30. Rfh4 Rh8 31. Qxd5 Re5 32. Qd4 h5 33. c4 a5 34. a3 a4 35. Qc3 Rf5 36. Rf4 Rxf4 37. exf4 Qe4+ 38. f3 Qe2+ 39. Kh3 Re8 40. Rg1 Re3 41. Rg2 Qxf3 42. Qd2 Qxf4 43. Kh2 Qe5 44. Qd5 Qxd5 45. cxd5 Rd3 46. g4 h4 47. Rc2 Rxd5 48. Kh3 Rd4 49. Rf2 Kg6 50. Kxh4 Rc4 51. Rf5 Rd4 52. Rb5 Rc4 53. Rb4 Rc2 54. Kg3 f5 55. Rxa4 Rxb2 56. Ra6+ f6 57. gxf5+ Kxf5 58. a4 Rb3+ 59. Kf2 Ra3 60. a5 Ke5 61. Ra8 f5 62. a6 Kd6 63. a7 Kc7 64. Rh8 Rxa7 65. Rh7+ Kb6 66. Rxa7 Kxa7 67. Kf3 Ka8 68. Kf4 Kb7 69. Kxf5 1/2-1/2

[Event "Luxembourg-ch"]
[Site "Luxembourg"]
[Date "1999.04.07"]
[Round "5"]
[White "Bishop, Peter"]
[Black "Romano, Antonino"]
[Result "1-0"]
[WhiteElo "1819"]
[BlackElo "1675"]
[PlyCount "41"]
[EventDate "1999.04.03"]
[EventType "swiss"]
[EventRounds "9"]
[EventCountry "LUX"]
[SourceTitle "EXT 2005"]
[Source "ChessBase"]
[SourceDate "2004.11.15"]
[SourceVersion "1"]
[SourceVersionDate "2004.11.15"]
[SourceQuality "1"]

1. e4 e5 2. d4 exd4 3. Nf3 Nc6 4. Bc4 h6 5. 0-0 Bc5 6. c3 Nf6 7. b4 Bb6 8. Bb2 d6 9. Nbd2 Be6 10. Bxe6 fxe6 11. cxd4 Qd7 12. Qb3 0-0-0 13. a4 a5 14. b5 Nb4 15. Rac1 Kb8 16. Bc3 c5 17. bxc6 Nxc6 18. Qxb6 Rde8 19. Bxa5 d5 20. Ne5 Nxe5 21. Rc7 1-0

[Event "Luxembourg-ch"]
[Site "Luxembourg"]
[Date "1999.04.03"]
[Round "1"]
[White "Bishop, Peter"]
[Black "Haas, Dirk"]
[Result "1-0"]
[WhiteElo "1819"]
[BlackElo "1460"]
[PlyCount "29"]
[EventDate "1999.04.03"]
[EventType "swiss"]
[EventRounds "9"]
[EventCountry "LUX"]
[SourceTitle "EXT 2005"]
[Source "ChessBase"]
[SourceDate "2004.11.15"]
[SourceVersion "1"]
[SourceVersionDate "2004.11.15"]
[SourceQuality "1"]

1. e4 c6 2. d4 d5 3. Nc3 dxe4 4. f3 e6 5. fxe4 Bb4 6. Nf3 Nf6 7. Bg5 h6 8. Bxf6 Qxf6 9. Bd3 Nd7 10. 0-0 c5 11. Ne5 Qe7 12. Rxf7 Qd6 13. Nb5 Qb6 14. Nc4 Qc6 15. Qh5 1-0

[Event "Metz op 15th"]
[Site "Metz"]
[Date "1997.??.??"]
[Round "3"]
[White "Vaillant, Stephane"]
[Black "Bishop, Peter"]
[Result "1-0"]
[WhiteElo "1890"]
[BlackElo "2160"]
[PlyCount "95"]
[EventDate "1997.04.??"]
[EventType "swiss"]
[EventRounds "9"]
[EventCountry "FRA"]
[SourceTitle "EXT 1999"]
[Source "ChessBase"]
[SourceDate "1998.11.16"]
[SourceVersion "1"]
[SourceVersionDate "1998.11.16"]
[SourceQuality "1"]

1. d4 Nf6 2. Nf3 e6 3. c4 d5 4. Nc3 Nc6 5. Bg5 Be7 6. e3 a6 7. Rc1 0-0 8. Be2 Re8 9. 0-0 h6 10. Bh4 Nh7 11. Bxe7 Nxe7 12. Bd3 c6 13. Qc2 Nf8 14. Ne5 dxc4 15. Bxc4 Nfg6 16. Nxg6 Nxg6 17. Rcd1 Bd7 18. Bd3 Nf8 19. e4 b5 20. e5 f5 21. exf6 Qxf6 22. Ne4 Qd8 23. Nd6 Re7 24. Nb7 Qc7 25. Nc5 Be8 26. Rfe1 Bf7 27. Re5 Nd7 28. Nxd7 Qxd7 29. Rc5 Rc8 30. a4 Rc7 31. Qe2 g6 32. Qe4 bxa4 33. h4 e5 34. dxe5 Bd5 35. Bc4 Kg7 36. Bxd5 cxd5 37. Rcxd5 Qc6 38. Qg4 h5 39. Qg5 Re6 40. Rd6 Rxd6 41. exd6 Rd7 42. Qe5+ Kh7 43. Qe6 Kg7 44. Kh2 Kh7 45. Qf6 Qc4 46. Re1 Rf7 47. Re7 Rxe7 48. Qxe7+ 1-0

[Event "Luxembourg op"]
[Site "Luxembourg"]
[Date "1996.??.??"]
[Round "5"]
[White "Bishop, Peter"]
[Black "Pereira, D."]
[Result "1-0"]
[WhiteElo "1945"]
[BlackElo "1710"]
[PlyCount "77"]
[EventDate "1996.??.??"]
[EventType "swiss"]
[EventRounds "9"]
[EventCountry "LUX"]
[SourceTitle "EXT 2005"]
[Source "ChessBase"]
[SourceDate "2004.11.15"]
[SourceVersion "1"]
[SourceVersionDate "2004.11.15"]
[SourceQuality "1"]

1. e4 c5 2. d4 cxd4 3. Nf3 d6 4. Nxd4 Nf6 5. Nc3 Nc6 6. Bc4 g6 7. Nxc6 bxc6 8. e5 Nh5 9. Qf3 e6 10. g4 Ng7 11. Bg5 Qxg5 12. Qxc6+ Kd8 13. Qxa8 Qxe5+ 14. Be2 Qa5 15. 0-0-0 d5 16. Bc4 Kc7 17. Nb5+ Kd7 18. Bxd5 Ke7 19. Qxc8 exd5 20. Qb7+ Kf6 21. Qxd5 Ne6 22. Qf3+ Kg7 23. Qc3+ Qxc3 24. Nxc3 Bc5 25. Rhf1 Nd4 26. Na4 Ne6 27. Nxc5 Nxc5 28. Rd5 Rc8 29. b4 Ne4 30. Ra5 Rc7 31. f3 Nd6 32. Rc5 Rb7 33. c3 Nb5 34. Kb2 Nc7 35. a4 Ne6 36. Rb5 Rc7 37. f4 Kf6 38. g5+ Ke7 39. f5 1-0